书目信息 |
| 题名: |
近代楚辞学论纲
|
|
| 作者: | 吴慧鋆 著 | |
| 分册: | ||
| 出版信息: | 北京 中华书局 2020 |
|
| 页数: | 425页 | |
| 开本: | 22cm | |
| 丛书名: | 紫琅楚辞学研究丛书 | |
| 单 册: | ||
| 中图分类: | I207.223 | |
| 科图分类: | ||
| 主题词: | 楚辞研究--chu ci yan jiu--中国--近代 | |
| 电子资源: | ||
| ISBN: | 978-7-101-14846-6 | |
| 000 | 00992oam2 2200265 450 | |
| 001 | 2131044615 | |
| 005 | 20211029202829.0 | |
| 010 | @a978-7-101-14846-6@b精装@dCNY78.00 | |
| 100 | @a20210319d2020 em y0chiy0120 ea | |
| 101 | 0 | @achi |
| 102 | @aCN@b110000 | |
| 105 | @ay z 000yy | |
| 106 | @ar | |
| 200 | 1 | @a近代楚辞学论纲@Ajin dai chu ci xue lun gang@f吴慧鋆著 |
| 210 | @a北京@c中华书局@d2020 | |
| 215 | @a425页@d22cm | |
| 225 | 2 | @a紫琅楚辞学研究丛书@Azi lang chu ci xue yan jiu cong shu@f周建忠主编 |
| 300 | @a国家社科基金重大项目 教育部人文社科青年基金项目 南通大学博士科研启动基金项目 | |
| 330 | @a本书以近代楚辞著述为经,以相关学者、论点为纬,研究近代楚辞学风貌与特征,分析近代楚辞学特点及形成原因,考察近代楚辞研究对楚辞学史的推动与影响。 | |
| 461 | 0 | @12001 @a紫琅楚辞学研究丛书 |
| 606 | 0 | @a楚辞研究@Achu ci yan jiu@y中国@z近代 |
| 690 | @aI207.223@v5 | |
| 701 | 0 | @a吴慧鋆@Awu hui jun@4著 |
| 801 | 0 | @aCN@b百万庄@c20211029 |
| 905 | @b1313103-06@dI207.223@e1435@f4 | |
| 近代楚辞学论纲/吴慧鋆著.-北京:中华书局,2020 |
| 425页;22cm.-(紫琅楚辞学研究丛书/周建忠主编) |
| 国家社科基金重大项目 教育部人文社科青年基金项目 南通大学博士科研启动基金项目 |
| ISBN 978-7-101-14846-6(精装):CNY78.00 |
| 本书以近代楚辞著述为经,以相关学者、论点为纬,研究近代楚辞学风貌与特征,分析近代楚辞学特点及形成原因,考察近代楚辞研究对楚辞学史的推动与影响。 |
| ● |
| 相关链接 |
|
|
|
|
正题名:近代楚辞学论纲
索取号:I207.223/1435
 
预约/预借
| 序号 | 登录号 | 条形码 | 馆藏地/架位号 | 状态 | 备注 |
| 1 | 1313103 | 213131038 | 第一样本阅览室/ [索取号:I207.223/1435] | 在馆 | |
| 2 | 1313104 | 213131047 | 第二借阅区/ [索取号:I207.223/1435] | 在馆 | |
| 3 | 1313105 | 213131056 | 第二借阅区/ [索取号:I207.223/1435] | 在馆 | |
| 4 | 1313106 | 213131065 | 第二借阅区/ [索取号:I207.223/1435] | 在馆 |